| 000 | 00741 a2200193 4500 | ||
|---|---|---|---|
| 003 | Nust | ||
| 005 | 20230113160833.0 | ||
| 020 | _a0-574-21129-2 | ||
| 040 | _cNust | ||
| 082 | _a651.8,DOC | ||
| 100 |
_aDock,V.Thomas _9106811 |
||
| 245 |
_aPrinciples of business data processing with BASIC / _bThomas,V.Dock |
||
| 250 | _a3rd ed. | ||
| 260 |
_aChicago _bScience research assosiates _c1978. |
||
| 300 | _a503p | ||
| 505 | _aSome Fundamentals of Data Processing (Page- 3), Computer systems (Page-101), Computer programming and design (Page-257), Overview of systems (Page -341), Data processing management and the computer industry (Page-385). | ||
| 650 |
_aPrinciples of business data processing with BASIC. _9106812 |
||
| 942 |
_2ddc _cBK |
||
| 999 |
_c214787 _d214787 |
||